Normal view
MARC view
Entry Corporate Name
001 - CONTROL NUMBER
- control field: 26947
003 - CONTROL NUMBER IDENTIFIER
- control field: ARRUPE
005 - DATE AND TIME OF LATEST TRANSACTION
- control field: 20161025091959.0
008 - FIXED-LENGTH DATA ELEMENTS
- fixed length control field: 161025|| aca||aabn | a|a d
040 ## - CATALOGING SOURCE
- Original cataloging agency: ARRUPE
- Transcribing agency: ARRUPE
110 ## - HEADING--CORPORATE NAME
- Corporate name or jurisdiction name as entry element: Austro-Hungarian Monarchy.
- Subordinate unit: Army
- General subdivision: History.
670 ## - SOURCE DATA FOUND
- Source citation: Work cat.: (ARRUPE)0: Allmayer-Beck, Johann Christoph. 26946, Die K. (u.) K.-Armee, 1848-1914 /, 1974.